Theory & Automata & Formal Languages (Record no. 15508)

MARC details
000 -LEADER
fixed length control field 00370nam a2200145Ia 4500
008 - FIXED-LENGTH DATA ELEMENTS--GENERAL INFORMATION
fixed length control field 221030s9999 xx 000 0 und d
020 ## - INTERNATIONAL STANDARD BOOK NUMBER
ISBN 9350389577
041 ## - LANGUAGE CODE
Language code of text/sound track or separate title
100 ## - MAIN ENTRY--AUTHOR NAME
Personal name A. A. Puntambekar
245 #0 - TITLE STATEMENT
Title Theory & Automata & Formal Languages
Statement of responsibility, etc by A. A. Puntambekar
260 ## - PUBLICATION, DISTRIBUTION, ETC. (IMPRINT)
Name of publisher Technical Pub
Place of publication Pune
Year of publication 2014
300 ## - PHYSICAL DESCRIPTION
Number of Pages 6.102
650 ## - SUBJECT ADDED ENTRY--TOPICAL TERM
Topical Term IT
942 ## - ADDED ENTRY ELEMENTS (KOHA)
Koha item type Books
Holdings
Accession Number Cost, normal purchase price Bill Date Source of acquisition Price effective from Koha item type Withdrawn / writtenoff status Materials specified (bound volume or other part) Damaged status Not for loan Permanent Location Current Location Shelving location Date acquired Lost/ Missing status department
BE 14157 395.00 3681 RKB 10/30/2022 Books   Print   Not For Loan MIET Library, Jammu MIET Library, Jammu BL-Academic Block B, FL-2, CUP-169, SH-5, R-5 11/28/2014   BE
BE 14158 395.00 3681 RKB 10/30/2022 Books   Print     MIET Library, Jammu MIET Library, Jammu BL-Academic Block B, FL-2, CUP-155, SH-1, R-1 11/28/2014   BE